000
00306nam a22001217a 4500
008
230704b xxu||||| |||| 00| 0 eng d
082
_a
340.094
_b
DAV
100
_c
Clive Davies
245
_a
General Principles of Law
260
_a
London
_b
Sweet & Maxwell Limited
_c
1972
300
_a
117p
942
_2
ddc
_c
BK
999
_c
3649
_d
3649